<?xml version="1.0" encoding="UTF-8"?>
<record
    xmlns:xsi="http://www.w3.org/2001/XMLSchema-instance"
    xsi:schemaLocation="http://www.loc.gov/MARC21/slim http://www.loc.gov/standards/marcxml/schema/MARC21slim.xsd"
    xmlns="http://www.loc.gov/MARC21/slim">

  <leader>01059nam a22002537a 4500</leader>
  <controlfield tag="005">20170124103146.0</controlfield>
  <datafield tag="010" ind1=" " ind2=" ">
    <subfield code="a">A-595492</subfield>
  </datafield>
  <datafield tag="020" ind1=" " ind2=" ">
    <subfield code="c">80.00</subfield>
  </datafield>
  <datafield tag="035" ind1=" " ind2=" ">
    <subfield code="a">A-595492</subfield>
  </datafield>
  <datafield tag="037" ind1=" " ind2=" ">
    <subfield code="b">Cen Lib/Ret</subfield>
  </datafield>
  <datafield tag="040" ind1=" " ind2=" ">
    <subfield code="a">DPL</subfield>
    <subfield code="b">HN</subfield>
  </datafield>
  <datafield tag="082" ind1=" " ind2=" ">
    <subfield code="a">700</subfield>
    <subfield code="b">&#x936;&#x94D;&#x930;&#x94B;&#x924;&#x94D;&#x930;&#x93F;&#x92F; </subfield>
  </datafield>
  <datafield tag="100" ind1=" " ind2=" ">
    <subfield code="a">&#x936;&#x94D;&#x930;&#x94B;&#x924;&#x94D;&#x930;&#x93F;&#x92F;, &#x936;&#x941;&#x915;&#x926;&#x947;&#x935; </subfield>
    <subfield code="9">86107</subfield>
  </datafield>
  <datafield tag="245" ind1=" " ind2=" ">
    <subfield code="a">&#x915;&#x932;&#x93E; &#x92C;&#x94B;&#x927; &#x90F;&#x935;&#x902; &#x938;&#x94C;&#x928;&#x94D;&#x926;&#x930;&#x94D;&#x92F; /</subfield>
    <subfield code="c">&#x936;&#x941;&#x915;&#x926;&#x947;&#x935; &#x936;&#x94D;&#x930;&#x94B;&#x924;&#x94D;&#x930;&#x93F;&#x92F; </subfield>
  </datafield>
  <datafield tag="246" ind1=" " ind2=" ">
    <subfield code="a">Kala bodh evam saundraya /</subfield>
    <subfield code="b">by Shukdev Shrotriya </subfield>
  </datafield>
  <datafield tag="260" ind1=" " ind2=" ">
    <subfield code="a">&#x92E;&#x941;&#x91C;&#x93C;&#x92B;&#x94D;&#x92B;&#x930;&#x928;&#x917;&#x930; </subfield>
    <subfield code="b">&#x91B;&#x935;&#x93F; &#x92A;&#x94D;&#x930;&#x915;&#x93E;&#x936;&#x928; </subfield>
    <subfield code="c">1991</subfield>
  </datafield>
  <datafield tag="270" ind1=" " ind2=" ">
    <subfield code="b">&#x92E;&#x941;&#x91C;&#x93C;&#x92B;&#x94D;&#x92B;&#x930;&#x928;&#x917;&#x930; </subfield>
    <subfield code="a">&#x906;&#x926;&#x930;&#x94D;&#x936;&#x928;&#x917;&#x930;, &#x92D;&#x94B;&#x92A;&#x93E; &#x928;&#x917;&#x930; </subfield>
    <subfield code="e">251001</subfield>
  </datafield>
  <datafield tag="300" ind1=" " ind2=" ">
    <subfield code="a">147&#x92A;&#x943;.</subfield>
    <subfield code="c">20&#x938;&#x947;&#x92E;&#x940;(&#x938;&#x91C;&#x93F;&#x932;&#x94D;&#x926; ) </subfield>
  </datafield>
  <datafield tag="650" ind1=" " ind2=" ">
    <subfield code="a">&#x932;&#x932;&#x93F;&#x924; &#x915;&#x932;&#x93E; </subfield>
    <subfield code="x"> </subfield>
    <subfield code="z"> </subfield>
    <subfield code="9">86108</subfield>
  </datafield>
  <datafield tag="650" ind1=" " ind2=" ">
    <subfield code="a">&#x92D;&#x93E;&#x930;&#x924;&#x940;&#x92F; &#x936;&#x93F;&#x932;&#x94D;&#x92A; &#x915;&#x932;&#x93E; </subfield>
    <subfield code="9">6444</subfield>
  </datafield>
  <datafield tag="650" ind1=" " ind2=" ">
    <subfield code="a">Fine Art</subfield>
    <subfield code="9">86109</subfield>
  </datafield>
  <datafield tag="650" ind1=" " ind2=" ">
    <subfield code="a">Indian sculpture</subfield>
    <subfield code="9">86110</subfield>
  </datafield>
  <datafield tag="942" ind1=" " ind2=" ">
    <subfield code="2">ddc</subfield>
    <subfield code="c">HN</subfield>
    <subfield code="h">700</subfield>
    <subfield code="m">&#x936;&#x94D;&#x930;&#x94B;&#x924;&#x94D;&#x930;&#x93F;&#x92F; </subfield>
  </datafield>
  <datafield tag="999" ind1=" " ind2=" ">
    <subfield code="c">119660</subfield>
    <subfield code="d">119660</subfield>
  </datafield>
  <datafield tag="952" ind1=" " ind2=" ">
    <subfield code="0">0</subfield>
    <subfield code="1">0</subfield>
    <subfield code="4">0</subfield>
    <subfield code="7">0</subfield>
    <subfield code="a">L</subfield>
    <subfield code="b">L</subfield>
    <subfield code="d">2015-09-18</subfield>
    <subfield code="e">Cen Lib/Ref</subfield>
    <subfield code="g">80.00</subfield>
    <subfield code="l">10</subfield>
    <subfield code="m">9</subfield>
    <subfield code="o">700 &#x936;&#x94D;&#x930;&#x94B;&#x924;&#x94D;&#x930;&#x93F;&#x92F;</subfield>
    <subfield code="p">A-595492</subfield>
    <subfield code="r">2022-09-06 00:00:00</subfield>
    <subfield code="s">2022-07-23</subfield>
    <subfield code="t">1</subfield>
    <subfield code="v">80.00</subfield>
    <subfield code="w">2015-09-18</subfield>
    <subfield code="y">HN</subfield>
  </datafield>
</record>
